Possessors of the Marauder's Map Quiz Stats

 Plays Quiz Updated Sep 26, 2013

Challenge
Share
Tweet
Embed
Score 0/12 Timer 02:00
0 Plays Today
Marauder's Map Possessors % Correct
Harry Potter
98.8%
James Potter
95.3%
George Weasley
93.3%
Fred Weasley
93.3%
Sirius Black
92.7%
Remus Lupin
92.4%
Peter Pettigrew
89.1%
Severus Snape
85%
Ron Weasley
83.9%
Hermione Granger
76.8%
Argus Filch
58.1%
Barty Crouch Jr.
45%

You're not logged in!

Compare scores with friends on all Sporcle quizzes.
Join for Free
OR
Log In

You Might Also Like...

Show Comments

Extras

Top Quizzes Today


Score Distribution

Your Account Isn't Verified!

In order to create a playlist on Sporcle, you need to verify the email address you used during registration. Go to your Sporcle Settings to finish the process.

Report this User

Report this user for behavior that violates our Community Guidelines.

Details: